000 00581cam7a220021700 4500
001 zam00003084
008 951128s1973 xx eng u
035 _a(Sirsi) r20419
035 _a(MACHINE)MSLC.
100 _aDolan, J. A.
_6A81784.1
245 1 0 _aNursing in society.
260 _c1973.
949 _aRT31
_wLC
_mMEDICAL
_tBOOK
_lON-SHELF
004 20419
591 _aClass code: MCH 310.
591 _aCourse: Medical community health.
591 _aSchool: S07.
591 _aLecturer: Dr. MALHOTRA, A.D.
591 _aNumber of Students: 20.
909 _aBook
999 _c52556
_d52556